000 01188nam a22002177a 4500
999 _c9388
_d9388
003 GBCCL
005 20241126110711.0
008 221111b ||||| |||| 00| 0 eng d
020 _a9781625641540
040 _cgbc
082 _a261.26
_bGOS
245 _aThe Gospel and Israel :
_bthe Edersheim lectures /
_cedited by Paul Morris
260 _aEugene, Oregon :
_bWiph & Stock,
_c[2014]
300 _axiv, 178 pages ;
_c 23 cm
505 _aJews and Gentiles and the Gospel of Christ / Paul Barnett -- The place of Israel in systematic theology / Ian Pennicook -- How Jewish is Israel in the New Testament? / Stephen Voorwinde -- Luther and the Jews / Mark D. Thompson -- Calvin and the Jews / Peter Barnes -- Christian Mission to the Jews: 1550-1850 / Rowland S. Ward -- The Israel/Palestine Conflict / Martin Pakula -- The yes to all God's promises: Jesus, Israel and the promises of God in Paul's letters / David Starling -- Pentecost and the plan of God / Mike Moore.
650 _aMissions to Jews
_vChristianity and other religions Judaism
_916359
650 _aJudaism
_91559
650 _a Christianity
_9479
650 _aInterfaith relations
_915078
942 _2ddc
_cBK